000 00433nam a2200181Ia 4500
001 18215
003 IN-NITTTR
005 20251114233212.0
008 251113s9999||||xx |||||||||||||| ||eng||
040 _beng
040 _cIN-NITTTR
041 _aeng
082 _a371.33 A31E
100 _aChandra, Ashok
245 0 _aElectronic media in education. /
_cChandra, Ashok, Ray, A. K.
700 _a Ray, A. K.
942 _2ddc
_cBK
999 _c20849
_d20849